[Event "Challenge"]
[Site "http://www.queenalice.com/game.php?id=397137"]
[Date "2008.5.2"]
[Round "-"]
[White "AuntieRenie"]
[Black "baggerman"]
[Result "1/2-1/2"]
[WhiteElo "1541"]
[BlackElo "1486"]

1. c4 e5 2. Nc3 Nf6 3. e4 c6 4. Nf3 d5 5. cxd5 cxd5 6. exd5 Nxd5 7. Nxe5 Qe7 8.
d4 Nxc3 9. bxc3 Qc7 10. Bd2 Bd6 11. f4 f6 12. Nf3 Bxf4 13. Bb5+ Bd7 14. Bxd7+
Nxd7 15. Bxf4 Qxf4 16. Qe2+ Kf7 17. O-O Rhe8 18. Qc4+ Re6 19. Rab1 b6 20. Rfe1
Re8 21. Rxe6 Rxe6 22. Re1 Nf8 23. Rxe6 Nxe6 24. Qa6 Qe3+ 25. Kf1 Qxc3 26. Qxa7+
Qc7 27. Qa3 Qc4+ 28. Kf2 Nxd4 29. Qa7+ Kg6 30. a4 Nxf3 31. Kxf3 b5 32. a5 b4 33.
a6 b3 34. Qb6 Qc3+ 35. Kf2 b2 36. a7 Qa3 37. Qb8 Qa2 38. Qe8+ Kh6 39. a8=Q Qxa8
40. Qxa8 b1=Q 41. Qf3 Qb6+ 42. Kg3 g5 43. h4 Qd6+ 44. Kg4 Qd4+ 45. Kf5 Qe5+ 46.
Kg4 f5+ 47. Qxf5 Qxf5+ 48. Kxf5 gxh4 49. Kg4 Kg6 50. Kxh4 h6 51. g4 Kg7 52. g5
hxg5+ 53. Kxg5 1/2-1/2

[Event "Game two"]
[Site "http://www.queenalice.com/game.php?id=413765"]
[Date "2008.6.5"]
[Round "-"]
[White "baggerman"]
[Black "AuntieRenie"]
[Result "1-0"]
[WhiteElo "1497"]
[BlackElo "1592"]

1. e4 e5 2. Nf3 Nc6 3. d4 Qe7 4. d5 Nb4 5. c3 Na6 6. c4 Nf6 7. Nc3 Nc5 8. Nb5 d6
9. Bd3 a6 10. Nc3 Bg4 11. b4 Nxd3+ 12. Qxd3 O-O-O 13. b5 Nd7 14. Na4 Qf6 15.
bxa6 b6 16. Bd2 Nc5 17. Nxc5 Bxf3 18. Nb7 Bxg2 19. Rg1 Qf3 20. Qxf3 Bxf3 21.
Nxd8 Kxd8 22. a7 Bxe4 23. a8=Q+ Ke7 24. Qc8 g6 25. Bg5+ f6 26. Qe6+ Kd8 27.
Bxf6+ Be7 28. Bxe7+ Ke8 29. Bf6+ Kf8 30. Qe7+ 1-0

[Event "Challenge"]
[Site "http://www.queenalice.com/game.php?id=421106"]
[Date "2008.6.21"]
[Round "-"]
[White "AuntieRenie"]
[Black "baggerman"]
[Result "1-0"]
[WhiteElo "1594"]
[BlackElo "1517"]

1. c4 e5 2. Nc3 c6 3. Nf3 d6 4. d4 f6 5. b3 Nd7 6. d5 Ne7 7. e4 f5 8. dxc6 bxc6
9. Qxd6 Qa5 10. Bd2 Qc5 11. Qxc5 Nxc5 12. Nxe5 fxe4 13. g3 Bf5 14. Be3 Nd3+ 15.
Bxd3 exd3 16. Kd2 Rd8 17. Bg5 h6 18. Bxe7 Bxe7 19. Nxc6 Rd7 20. Rhe1 Rf8 21. Nd5
Kf7 22. Ncxe7 Be6 23. Nc6 Bxd5 24. cxd5 Rxd5 25. Re7+ Kg8 26. Rxa7 Rxf2+ 27. Ke3
Re2+ 28. Kf3 Rf5+ 29. Kg4 Rg5+ 30. Kf4 d2 31. Rd1 Rxh2 32. Ra8+ Kh7 33. Nd4 Rg2
34. Nf3 Rd5 35. Ra7 Kg6 36. Nh4+ Kh5 37. Nxg2 g5+ 38. Kf3 g4+ 39. Ke2 Kg5 40.
Rxd2 1-0

[Event "Challenge"]
[Site "http://www.queenalice.com/game.php?id=421107"]
[Date "2008.6.21"]
[Round "-"]
[White "Lald"]
[Black "baggerman"]
[Result "1/2-1/2"]
[WhiteElo "1290"]
[BlackElo "1494"]

1. e4 e5 2. Nf3 Bd6 3. d4 Nc6 4. d5 Nce7 5. b3 Nf6 6. Nc3 Bb4 7. Bd2 c6 8. a3
Bxc3 9. Bxc3 Qb6 10. Bxe5 Ng4 11. Bg3 O-O 12. Be2 d6 13. O-O cxd5 14. exd5 Nf6
15. c4 Ne4 16. Qd4 Qxd4 17. Nxd4 Re8 18. Nb5 Nxg3 19. hxg3 Rd8 20. Rfe1 a6 21.
Nc7 Ra7 22. Bg4 Bxg4 23. Rxe7 b6 24. Rae1 h6 25. b4 Rc8 26. c5 Raxc7 27. cxd6
Rxe7 28. dxe7 Re8 29. d6 f6 30. f3 Bd7 31. g4 Kf7 32. Kf2 b5 33. Kg3 f5 34. Kf4
g5+ 35. Kg3 f4+ 36. Kf2 Rc8 37. Kg1 Rc6 38. Rd1 Ke6 39. Re1+ Kf7 40. Rd1 Rc3 41.
Ra1 Ke6 42. Re1+ Kxd6 43. e8=Q Bxe8 44. Rxe8 Rxa3 45. Rh8 Ke6 46. Rxh6+ Kf7 47.
Rb6 Ra4 48. Kh2 Rxb4 49. Rxa6 Rb1 50. Ra5 Kf6 51. g3 fxg3+ 52. Kxg3 b4 53. Rb5
b3 54. Kf2 Rb2+ 55. Ke3 Rb1 56. Kd2 Rb2+ 57. Ke3 Rb1 58. Kd2 Rb2+ 59. Ke3 Rb1
1/2-1/2

[Event "Number 4"]
[Site "http://www.queenalice.com/game.php?id=444157"]
[Date "2008.8.5"]
[Round "-"]
[White "baggerman"]
[Black "AuntieRenie"]
[Result "1-0"]
[WhiteElo "1486"]
[BlackElo "1637"]

1. e4 e5 2. c3 Nf6 3. f3 Nc6 4. Ne2 Ne7 5. d4 exd4 6. Nxd4 d5 7. Nd2 Ng6 8. g3
Bc5 9. N2b3 Bxd4 10. Nxd4 dxe4 11. Qe2 Qd5 12. Bg2 O-O 13. fxe4 Qe5 14. Bd2 Bg4
15. Bf4 Nxf4 16. gxf4 Qxf4 17. Rf1 Bxe2 18. Rxf4 Bd3 19. e5 Nh5 20. Rh4 g6 21.
Kd2 Ba6 22. Re1 c5 23. Nb3 Rad8+ 24. Kc1 Ng7 25. Nxc5 Rfe8 26. Nxb7 Bxb7 27.
Bxb7 Re7 28. Rd1 Rxd1+ 29. Kxd1 Rxb7 30. Rb4 Rxb4 31. cxb4 a6 32. a4 Ne6 33. b5
axb5 34. axb5 Nc7 35. b6 Na6 36. b7 Kf8 37. Kd2 Ke7 38. Kd3 Ke6 39. Kd4 f6 40.
exf6 Kxf6 41. Kd5 Ke7 42. Kc6 Nb8+ 43. Kc7 Na6+ 44. Kc8 Kd6 45. b8=Q+ Nxb8 46.
Kxb8 Kc5 47. Kc7 h5 48. Kd7 Kc4 49. b3+ Kxb3 50. Ke6 g5 51. Kf5 g4 52. Kg5 Kc3
53. Kxh5 Kd3 54. Kxg4 Ke3 55. h4 Ke4 56. Kg5 Ke5 57. h5 Ke6 58. Kg6 Ke7 59. Kg7
Ke8 60. h6 1-0

[Event "Color Swap"]
[Site "http://www.queenalice.com/game.php?id=467290"]
[Date "2008.9.23"]
[Round "-"]
[White "baggerman"]
[Black "Lald"]
[Result "0-1"]
[WhiteElo "1498"]
[BlackElo "1294"]

1. e4 e5 2. Nf3 Nc6 3. c3 Nf6 4. d3 d5 5. exd5 Qxd5 6. c4 Qd8 7. Be2 Bb4+ 8. Bd2
Bxd2+ 9. Qxd2 Bg4 10. h3 Bh5 11. g4 Bg6 12. O-O O-O 13. h4 Nxg4 14. Qg5 Qxg5 15.
hxg5 e4 16. Nh4 Nge5 17. Nxg6 Nxg6 18. dxe4 Rad8 19. Nc3 Nce5 20. Nb5 Rd2 21.
Bh5 Rxb2 22. Nxc7 Nxc4 23. Rfb1 Rxb1+ 24. Rxb1 Rd8 25. Rxb7 a5 26. Nd5 Nd6 27.
Ne7+ Kf8 28. Nc6 Nxb7 29. Nxd8 Nxd8 30. Bxg6 hxg6 31. f4 Ne6 32. Kf2 Nxf4 33.
Ke3 Ne6 0-1

[Event "Snow anyone?"]
[Site "http://www.queenalice.com/game.php?id=505181"]
[Date "2008.12.9"]
[Round "-"]
[White "Lald"]
[Black "baggerman"]
[Result "1-0"]
[WhiteElo "1310"]
[BlackElo "1466"]

1. c4 e6 2. d4 d5 3. e3 c6 4. Nc3 Nd7 5. Nf3 Bd6 6. b3 Qa5 7. Bd2 Bb4 8. Qc2 Be7
9. Bd3 Qc7 10. O-O Ngf6 11. Rfe1 O-O 12. a3 e5 13. e4 exd4 14. Nxd4 dxe4 15.
Nxe4 Ng4 16. g3 f5 17. Bg5 fxe4 18. Bxe7 exd3 19. Ne6 Qa5 20. Qxd3 Nc5 21. Nxc5
Nxf2 22. Qe2 Rf7 23. Qh5 Rf5 24. Qe8+ Rf8 25. Bxf8 h6 26. Bxg7+ Kh7 27. Re7 Nh3+
28. Kf1 Qxc5 29. Bd4+ Qxe7 30. Qxe7+ Kg6 31. Qf6+ Kh5 32. Re1 Bd7 33. Re5+ 1-0

[Event "Is it Spring?"]
[Site "http://www.queenalice.com/game.php?id=572025"]
[Date "2009.4.14"]
[Round "-"]
[White "baggerman"]
[Black "Lald"]
[Result "1-0"]
[WhiteElo "1444"]
[BlackElo "1284"]

1. e4 d5 2. Nc3 d4 3. Nd5 f5 4. f3 fxe4 5. fxe4 e6 6. Nf4 e5 7. Nfe2 Qh4+ 8. Ng3
Bg4 9. Be2 Bxe2 10. Qxe2 Nd7 11. Nf3 Qe7 12. c3 c5 13. cxd4 cxd4 14. Qb5 O-O-O
15. b3 Kb8 16. d3 Nc5 17. Bg5 Nf6 18. Nf5 Qe8 19. Qxe8 Rxe8 20. Kd2 h6 21. Bh4
g5 22. Bg3 Ncd7 23. N5xd4 Ka8 24. Rhc1 exd4 25. Nxd4 Bb4+ 26. Ke2 Nc5 27. Rc4 a5
28. a3 Ncxe4 29. dxe4 Rxe4+ 30. Kd3 Be7 31. b4 b6 32. bxa5 bxa5 33. Be1 Bd8 34.
Rb1 Rhe8 35. Rc8+ Ka7 36. Nc6+ Ka6 37. Ra8# 1-0